000
00323nam a22001457a 4500
008
210527b ||||| |||| 00| 0 eng d
020
_a
9780820327624
041
_a
eng
080
_a
574
082
_a
574
100
_a
9
101
_a
MJE
245
_a
Up From the Mudsills of Hell
_c
Connie L. Lester
942
_2
udc
_c
BK
999
_c
57709
_d
57709